000 00366nam a2200133Ia 4500
008 151001s9999||||xx |||||||||||||| ||und||
100 _a कुश्नचंदर
245 _aजब-जब पर्दा उठा
250 _a1
260 _bदिल्ली पुस्तक सदन
260 _c2002
300 _a110
365 _b21
999 _c979263
_d979260